Statistics for OHL Hockey Teams Quiz

Click here to take the quiz!

General Stats

  • This quiz has been taken 343 times
  • The average score is 15 of 20

Answer Stats

Eastern - East% Correct
London Knights
90%
Sarnia Sting
83%
North Bay Battalion
81%
Ottawa 67's
81%
Barrie Colts
78%
Peterborough Petes
78%
Sudbury Wolves
78%
Guelph Storm
77%
Kitchener Rangers
77%
Mississauga Steelheads
77%
Erie Otters
74%
Kingston Frontenacs
74%
Oshawa Generals
74%
Windsor Spitfires
74%
Owen Sound Attack
71%
Saginaw Spirit
71%
Sault Ste. Marie Greyhounds
71%
Hamilton Bulldogs
68%
Niagara IceDogs
68%
Flint Firebirds
62%

Score Distribution

Percentile by Number Answered

Percent of People with Each Score

Your Score History

You have not taken this quiz